000 00835nam a2200265Ia 4500
003 OSt
005 20220918223814.0
006 a|||||r|||| 00| 0
007 ta
008 220917b |||||||| |||| 00| 0 eng d
024 _a225,207
037 _cTextual
040 _aARTS
_cARTS
_beng
041 _2eng
_aeng
082 _aS8774-73g, P4
100 _aVelasquez Roberto J Ed.
_9146688
245 0 _aHandbook of chicana/ psychology and mental health
260 _aLondon
_bLawrence Erlbaum Associates, Publishers
_c2004
300 _axviii, 520p.
_ccm.
650 _aPSYCHOLOGY
700 _a Arellano Leticia M Ed.
_9146689
700 _a McNeill Brian W Ed.
_9146690
942 _hS8774-73g, P4
_cTEXL
_2CC
999 _c279506
_d279506